| 000 | 00825nam a2200241 a 4500 | ||
|---|---|---|---|
| 005 | 20230316063604.0 | ||
| 008 | 140520s2007 es r 000 0 spa d | ||
| 020 | _a9788426135148 (13 dígitos) | ||
| 020 | _a8426135145 (10 dígitos) | ||
| 035 | _aUPN01000197336 | ||
| 049 | _aI | ||
| 050 | 4 |
_aPZ10.3 _bD6.8 2007 |
|
| 100 | 1 |
_aDonaldson, Julia Catherine, _d1948- _935586 |
|
| 245 | 1 | 3 |
_aUn osito se cae de la cama / _cJulia Donaldson ; il. Anna Currey ; tr. Josefina Caball i Guerrero. |
| 250 | _a2a ed. | ||
| 260 |
_aBarcelona, Esp. : _bJuventud, _c2007. |
||
| 300 |
_a[26] p. : _bprincipalmente il. col. |
||
| 534 |
_pTítulo original: _tOne ted falls out of bed |
||
| 650 | 4 |
_aCuentos infantiles ingleses _910002 |
|
| 650 | 4 |
_aOSOS DE FELPA - _vCUENTOS Y LEYENDAS _98598 |
|
| 905 | _aInfantil | ||
| 999 |
_c169437 _d169437 |
||